000 00711nam a22002177a 4500
003 UA-OsUOA
001 116390
007 ta
008 20160309b un ||||| |||| 00| 0 ukr d
100 _aСюндюков І.
090 _a94(477)
_bС98
942 _cSA
040 _aUA-OsUOA
_bukr
_cUA-OsUOA
_dUA-OsUOA
245 _aНайважливіша доповідь ХХ століття. До 60-річчя знаменитої "секретної" промови Микити Хрущова на ХХ з'їзді КПРС
300 _aС.20
955 _a0
041 _aukr
080 _a94(477)
773 0 _w116389
650 7 _a9 Географія. Біографії. Історія
_2UDC
999 _c402267
_d402267